000
00260nam a2200109Ia 4500
008
190914s9999||||xx |||||||||||||| ||und||
100
_a
Jan Williams
245
0
_a
Solutions Manual, Accounting
260
_a
London
_b
Addision
_c
1998
300
_a
747
942
_c
BK
999
_c
8688
_d
8688